000 01106nam a2200241Ia 4500
999 _c37953
_d37953
001 3935
003 GE_BSU
005 20190916103108.0
008 181216s2002||||ge |||||||||||||| ||geo||
020 _a9992896302
040 _cGE_BSU
041 _ageo
080 _a316.4+80 ლ–14
100 _aლადარია, ნოდარი
_93992
245 _aსოციოლინგვისტიკა :
_bსახელმძღვ. სოციალ. მეცნიერებების მაგისტრანტებისათვის /
_cრედ.: ლია კაჭარავა ; ფონდი ღია საზოგადოება - საქართველო.
264 _aთბ. :
_bმეცნიერება,
_c2002.
300 _a131 გვ. ;
_b21 სმ.
490 _aსოციალურ მეცნიერებათა სერია
541 _h2ლ.
653 _aსოციოლინგვისტიკა
700 _aკაჭარავა, ლია
_eრედაქტორი
_93993
942 _cBK
_2udc